| 000 | 00897nam a22002897a 4500 | ||
|---|---|---|---|
| 001 | 7310 | ||
| 003 | FISKH | ||
| 005 | 20250709093935.0 | ||
| 008 | 250709b cb ||||| |||| 00| 0 eng d | ||
| 020 | _a033500711008 | ||
| 040 |
_aFISKH _beng _cFISKH _dFISKH |
||
| 050 | _aPZ8 .S417 | ||
| 082 | _a 398.20943 | ||
| 100 | _aAnonymous | ||
| 245 |
_aSnow White and the seven dwafs : _bWalt Disney's / |
||
| 260 |
_aNew York : _bA Golden Book, _c1984. |
||
| 300 |
_a24 unnumbered pages : _bcolor illustrations ; _c21 cm |
||
| 490 | _aA little golden book | ||
| 505 | _aJ | ||
| 520 | _aA princess takes refuge from her wicked stepmother in the cottage of seven dwarfs. | ||
| 521 | 8 |
_a480
_bLexile estimate |
|
| 521 | 8 |
_aJ
_bRaz-Plus |
|
| 650 |
_aPrincess _vSnow White _xSeven Dwarfs |
||
| 650 |
_aWalt Disney _vTraditional literature |
||
| 942 |
_2ddc _cBK _n0 |
||
| 999 |
_c7310 _d7310 |
||